书目信息 |
| 题名: |
钢纤维高强与超高强混凝土
|
|
| 作者: | 林小松 , 杨果林 著 | |
| 分册: | ||
| 出版信息: | 北京 科学出版社 2002.01 |
|
| 页数: | 181页 | |
| 开本: | 26cm | |
| 丛书名: | ||
| 单 册: | ||
| 中图分类: | TU , TU528.572 | |
| 科图分类: | ||
| 主题词: | 建筑材料:非金属材料 | |
| 电子资源: | ||
| ISBN: | 7-03-009906-0 | |
| 000 | 00674nam0 2200217 45 | |
| 001 | 0259501836 | |
| 005 | 20120407094631.18 | |
| 010 | @a7-03-009906-0@dRMB 25.00 | |
| 100 | @a20020627d2002 km y0chiy0120 ea | |
| 101 | 0 | @achi |
| 102 | @aCN@b110000 | |
| 200 | 1 | @a钢纤维高强与超高强混凝土@Agang xian wei gao qiang yu chao gao qiang hun ning tu@f林小松,杨果林著@Flin xiao song,yang guo lin zhu |
| 210 | @a北京@c科学出版社@d2002.01 | |
| 215 | @a181页@d26cm | |
| 606 | 0 | @a建筑材料:非金属材料 |
| 690 | @aTU@v3 | |
| 690 | @aTU528.572@v4 | |
| 701 | 0 | @a林小松@Alin xiao song@4著 |
| 701 | 0 | @a杨果林@Ayang guo lin@4著 |
| 801 | 0 | @aCN@c20061228 |
| 905 | @a10447@dTU528.572@eL520 | |
| 钢纤维高强与超高强混凝土/林小松,杨果林著.-北京:科学出版社,2002.01 |
| 181页;26cm |
| ISBN 7-03-009906-0:RMB 25.00 |
| ● |
| 相关链接 |
|
|
|
正题名:钢纤维高强与超高强混凝土
索取号:TU528.572/L520
 
预约/预借
| 序号 | 登录号 | 条形码 | 馆藏地/架位号 | 状态 | 备注 |
| 1 | 368407 | 203684076 | 建筑库201/201建筑库 8排4列2层/ [索取号:TU528.572/L520] | 在馆 | |
| 2 | 368408 | 203684085 | 建筑库201/201建筑库 8排4列2层/ [索取号:TU528.572/L520] | 在馆 | |
| 3 | 368409 | 203684094 | 土木与交通工程学院资料室/土木与交通学院资料室 1排1列1层/ [索取号:TU528.572/L520] | 在馆 | |
| 4 | 485297 | 204852971 | 土木与交通工程学院资料室/ [索取号:TU528.572/L520] | 在馆 | |
| 5 | 639954 | 206399547 | 建筑库201/201建筑库 8排4列2层/ [索取号:TU528.572/L520] | 在馆 |